000 00465nam a2200205Ia 4500
003 0100
008 130227s9999 xx 000 0 und d
040 _cARRUPELIB
050 _aPR9376.9C3D71
100 _aLaye, Camara
245 2 _aA dream of Africa
260 _aLondon
260 _bCollins
260 _C1968
300 _a191p.
300 _b 21cm.
650 _bTransvaal - History
650 _cFrontier & pioneer life - Africa
942 _2lcc
_01
999 _c1376
_d1376